[Event "32nd ECC Open 2016"]
[Site "Novi Sad SRB"]
[Date "2016.11.12"]
[Round "7.21"]
[Board "2"]
[White "Semcesen, Daniel"]
[Black "Pohjala, Henri"]
[Result "1-0"]
[WhiteTitle "GM"]
[BlackTitle "FM"]
[WhiteElo "2469"]
[BlackElo "2377"]
[WhiteTeam "Nordea Skanderborg"]
[BlackTeam "Tammer-Shakki"]
[WhiteFideId "1706993"]
[BlackFideId "506478"]
[EventDate "2016.11.06"]

1. c4 c6 2. e4 e5 3. Nf3 d6 4. d4 Nd7 5. Nc3 Ngf6 6. g3 exd4 7. Nxd4 Nc5 8. Bg2
a5 9. O-O Be7 10. h3 O-O 11. Qc2 Qb6 12. Be3 a4 13. Rab1 Re8 14. b4 axb3 15.
axb3 Qc7 16. b4 Ne6 17. Nf5 Bf8 18. Rfd1 Nd7 19. Rd2 Ne5 20. Qb3 f6 21. Rbd1 Ng5
22. Bxg5 fxg5 23. Nxd6 Bxd6 24. Rxd6 Be6 25. Qb1 Nxc4 26. R6d4 Rad8 27. Qd3 Nb2
28. Rxd8 Nxd3 29. Rxe8+ Kf7 30. Rxe6 Kxe6 31. Rxd3 Qb6 32. b5 cxb5 33. Nd5 Qa5
34. Rb3 Kd6 35. Bf1 Qe1 36. Rxb5 Qxe4 37. Ne3 h6 38. Bg2 Qa4 39. Rxb7 Ke6 40.
Bd5+ Kf6 41. Ng4+ Kg6 42. Bf7+ Kf5 43. Re7 1-0

[Event "32nd ECC Open 2016"]
[Site "Novi Sad SRB"]
[Date "2016.11.12"]
[Round "7.21"]
[Board "3"]
[White "Ahvenjarvi, Jani"]
[Black "Pedersen, Nicolai Vesterbaek"]
[Result "1/2-1/2"]
[WhiteTitle "FM"]
[BlackTitle "IM"]
[WhiteElo "2333"]
[BlackElo "2377"]
[WhiteTeam "Tammer-Shakki"]
[BlackTeam "Nordea Skanderborg"]
[WhiteFideId "507571"]
[BlackFideId "1402340"]
[EventDate "2016.11.06"]

1. e4 e6 2. d4 d5 3. Nd2 h6 4. Bd3 Nf6 5. e5 Nfd7 6. Ne2 c5 7. c3 Nc6 8. Nf3 g5
9. Be3 Qb6 10. Rb1 g4 11. Nh4 Qa5 12. O-O c4 13. b4 Qd8 14. Ng6 Rg8 15. Bc2 fxg6
16. Nf4 Qe7 17. b5 Nd8 18. Nxg6 Qf7 19. Qxg4 Bg7 20. f4 Nf8 21. h4 h5 22. Qxh5
Bh8 23. f5 exf5 24. Nf4 Qxh5 25. Nxh5 Ng6 26. Bg5 Nf7 27. Nf6+ Bxf6 28. Bxf6 Ne7
29. Bxe7 Kxe7 30. Bxf5 Bxf5 31. Rxf5 Rg7 32. Rbf1 Rag8 33. R1f2 Nh6 34. Rh5 Rg6
35. Kf1 R8g7 36. Rf6 Rf7 37. Rxf7+ Kxf7 38. Kf2 Kg7 39. Kf3 a6 40. a4 axb5 41.
axb5 Kf7 42. g4 Kg7 43. e6 Rxe6 44. Rxd5 Nf7 45. Rd7 Rb6 46. Rc7 Rxb5 47. Rxc4
Rb1 48. Rc7 b5 49. Rb7 Rb3 50. Kf4 Rxc3 51. Rxb5 Rc4 52. Rd5 Kf6 53. Ke4 Ke6 54.
Ra5 1/2-1/2

[Event "32nd ECC Open 2016"]
[Site "Novi Sad SRB"]
[Date "2016.11.12"]
[Round "7.21"]
[Board "4"]
[White "Munk, Kai"]
[Black "Torkkola, Henri"]
[Result "0-1"]
[WhiteElo "2039"]
[BlackElo "2223"]
[WhiteTeam "Nordea Skanderborg"]
[BlackTeam "Tammer-Shakki"]
[WhiteFideId "1406949"]
[BlackFideId "507660"]
[EventDate "2016.11.06"]

1. d4 d5 2. c4 e6 3. Nf3 Nf6 4. Nc3 Be7 5. Bg5 h6 6. Bxf6 Bxf6 7. e3 O-O 8. cxd5
exd5 9. Rc1 Re8 10. Be2 a5 11. O-O c6 12. Bd3 Nd7 13. Bb1 Nb6 14. b3 Bd7 15. Qd2
Nc8 16. Ne2 Bg4 17. Nf4 Nd6 18. Ne1 Qd7 19. Ne2 Bxe2 20. Qxe2 Bxd4 21. Nf3 Bf6
22. Rfd1 Qe7 23. Nd4 g6 24. Qf3 Bg7 25. Nxc6 bxc6 26. Rxc6 d4 27. Qd5 Rad8 28.
Qc5 dxe3 29. fxe3 Nb7 30. Qc2 Rxd1+ 31. Qxd1 Qxe3+ 32. Kf1 Bd4 0-1

[Event "32nd ECC Open 2016"]
[Site "Novi Sad SRB"]
[Date "2016.11.12"]
[Round "7.21"]
[Board "5"]
[White "Nieminen, Samuli"]
[Black "Jessen, Claus Qvist"]
[Result "1-0"]
[WhiteElo "2161"]
[BlackElo "1952"]
[WhiteTeam "Tammer-Shakki"]
[BlackTeam "Nordea Skanderborg"]
[WhiteFideId "504955"]
[BlackFideId "1423681"]
[EventDate "2016.11.06"]

1. d4 Nf6 2. c4 g6 3. Nc3 d5 4. cxd5 Nxd5 5. e4 Nxc3 6. bxc3 Bg7 7. Nf3 O-O 8.
Be2 c5 9. Rb1 cxd4 10. cxd4 Qa5+ 11. Bd2 Qxa2 12. O-O Qe6 13. Qc2 Qc6 14. Qd3 b6
15. d5 Qa4 16. Rb4 Qa6 17. Qe3 Qb7 18. Bc3 Nd7 19. Bxg7 Kxg7 20. Bb5 Rb8 21. Rc1
Nc5 22. Bc6 Qc7 23. e5 h6 24. Rh4 Rh8 25. e6 f6 26. Rd4 Qd6 27. h4 Bb7 28. Bxb7
Rxb7 29. h5 Qb8 30. hxg6 Qf8 31. Nh4 f5 32. Rf4 Qe8 33. Rxf5 Rf8 34. Rf7+ 1-0

[Event "32nd ECC Open 2016"]
[Site "Novi Sad SRB"]
[Date "2016.11.12"]
[Round "7.21"]
[Board "6"]
[White "Norgaard, Poul"]
[Black "Iivonen, Markku"]
[Result "0-1"]
[WhiteElo "1839"]
[BlackElo "2052"]
[WhiteTeam "Nordea Skanderborg"]
[BlackTeam "Tammer-Shakki"]
[WhiteFideId "1449885"]
[BlackFideId "506940"]
[EventDate "2016.11.06"]

1. e4 d6 2. d4 Nf6 3. Nc3 g6 4. f3 Bg7 5. Be3 O-O 6. Qd2 e5 7. Nge2 c6 8. O-O-O
Be6 9. Kb1 Qa5 10. h4 b5 11. Nc1 b4 12. N3e2 Nbd7 13. Bh6 Nb6 14. b3 c5 15. d5
Bd7 16. h5 c4 17. hxg6 fxg6 18. Bxg7 Kxg7 19. Qh6+ Kg8 20. g4 Rf7 21. Ng3 cxb3
22. cxb3 Rc8 23. Nd3 Nbxd5 24. exd5 Nxd5 25. Rd2 Nc3+ 26. Ka1 Be6 27. Nc1 e4 28.
Nge2 exf3 29. Nxc3 Rxc3 30. Bd3 Qe5 31. Kb1 Bxg4 32. Qh2 Qxh2 33. Rdxh2 d5 34.
Bf1 Be6 35. Nd3 a5 36. Rc2 Rfc7 37. Ne5 Bf5 38. Bd3 Rxc2 39. Bxc2 Rxc2 40. Nxf3
Rh2+ 0-1

[Event "32nd ECC Open 2016"]
[Site "Novi Sad SRB"]
[Date "2016.11.12"]
[Round "7.22"]
[Board "1"]
[White "Korsunsky, Yuri"]
[Black "Petrov, Nikita"]
[Result "1/2-1/2"]
[WhiteTitle "IM"]
[BlackTitle "IM"]
[WhiteElo "2411"]
[BlackElo "2509"]
[WhiteTeam "Perfect"]
[BlackTeam "Club d'Echecs de Geneve"]
[WhiteFideId "14102722"]
[BlackFideId "4101286"]
[EventDate "2016.11.06"]

1. e4 e5 2. Nf3 Nc6 3. Bb5 a6 4. Bxc6 dxc6 5. d4 exd4 6. Qxd4 Qxd4 7. Nxd4 Bd6
8. O-O Ne7 9. Nc3 O-O 10. f4 f5 11. e5 Bc5 12. Be3 Bxd4 13. Bxd4 Rd8 14. Bf2 Ng6
15. Be3 Be6 16. Rad1 b6 17. b3 Kf7 18. Ne2 Ke7 19. Kf2 Bd5 20. Rd2 Be4 21. Rfd1
Rxd2 22. Rxd2 c5 23. Nc3 Bc6 24. Ke2 Rd8 25. Rxd8 Kxd8 26. Kd3 Ke7 27. g3 Ke6
28. Ne2 Ne7 29. c4 Kd7 30. Kc3 Ke6 1/2-1/2

[Event "32nd ECC Open 2016"]
[Site "Novi Sad SRB"]
[Date "2016.11.12"]
[Round "7.22"]
[Board "2"]
[White "Vuilleumier, Alexandre"]
[Black "Gluhovsky, Mark"]
[Result "1-0"]
[WhiteTitle "IM"]
[WhiteElo "2350"]
[BlackElo "2282"]
[WhiteTeam "Club d'Echecs de Geneve"]
[BlackTeam "Perfect"]
[WhiteFideId "1305662"]
[BlackFideId "24165514"]
[EventDate "2016.11.06"]

1. d4 Nf6 2. g3 g6 3. Bg2 d6 4. e4 Bg7 5. Ne2 O-O 6. O-O Na6 7. h3 c5 8. Be3
cxd4 9. Nxd4 Nc5 10. Nc3 a6 11. a4 Qa5 12. Nd5 Nxd5 13. exd5 Qb4 14. b3 e6 15.
dxe6 Nxe6 16. c4 Nc5 17. a5 Qc3 18. Rb1 Re8 19. Ne2 Qe5 20. b4 Ne4 21. Bd4 Qf5
22. Bxg7 Kxg7 23. Qd4+ Kg8 24. Nf4 Qf6 25. Rbd1 Qxd4 26. Rxd4 Nc3 27. Rxd6 Rb8
28. Rc1 Na2 29. Rc2 Re1+ 30. Kh2 Ra1 31. Rd8+ Kg7 32. Nd5 Nc1 33. Nb6 Bf5 34.
Rxc1 Rxd8 35. Rxa1 Rd2 36. Kg1 Rb2 37. b5 axb5 38. cxb5 Rxb5 39. Bxb7 Rb3 40.
Bg2 1-0

[Event "32nd ECC Open 2016"]
[Site "Novi Sad SRB"]
[Date "2016.11.12"]
[Round "7.22"]
[Board "3"]
[White "Slavin, Gennadie"]
[Black "Fioramonti, Hung"]
[Result "1-0"]
[BlackTitle "IM"]
[WhiteElo "2300"]
[BlackElo "2325"]
[WhiteTeam "Perfect"]
[BlackTeam "Club d'Echecs de Geneve"]
[WhiteFideId "4104870"]
[BlackFideId "1300202"]
[EventDate "2016.11.06"]

1. e4 Nf6 2. Nc3 d5 3. e5 Ne4 4. Nce2 d4 5. d3 Nc5 6. f4 Nc6 7. Nf3 Bg4 8. Ng3
g5 9. fxg5 Bxf3 10. Qxf3 Nxe5 11. Qf5 Qd5 12. Be2 e6 13. Qf2 O-O-O 14. O-O h6
15. Qf6 Rh7 16. gxh6 Ncd7 17. Qh4 Bxh6 18. Qe4 Qxe4 19. Nxe4 Bxc1 20. Raxc1 f5
21. Ng5 Rh6 22. Nh3 Ng4 23. Bxg4 fxg4 24. Ng5 Rg6 25. Nf7 Re8 26. Rce1 e5 27.
Re4 g3 28. h3 Rc6 29. Re2 Nf6 30. Rxe5 Rxe5 31. Nxe5 Re6 32. Nf3 c5 33. Re1 Ra6
34. a3 Kd7 35. Re5 Kd6 36. Rg5 Rb6 37. Ne5 Ke6 38. Nc4 Ra6 39. Re5+ Kf7 40. Rxc5
Re6 41. Re5 Rc6 42. Rg5 Ke8 43. a4 Ra6 44. b3 Kf7 45. Rxg3 1-0

[Event "32nd ECC Open 2016"]
[Site "Novi Sad SRB"]
[Date "2016.11.12"]
[Round "7.22"]
[Board "4"]
[White "Gerber, Richard"]
[Black "Kurochkin, Victor"]
[Result "0-1"]
[WhiteTitle "IM"]
[WhiteElo "2326"]
[BlackElo "2410"]
[WhiteTeam "Club d'Echecs de Geneve"]
[BlackTeam "Perfect"]
[WhiteFideId "1300652"]
[BlackFideId "4105168"]
[EventDate "2016.11.06"]

1. d4 Nf6 2. Nf3 d6 3. Nc3 Nbd7 4. e4 e5 5. Bc4 Be7 6. O-O O-O 7. Re1 c6 8. a4
a5 9. h3 Qc7 10. Be3 exd4 11. Nxd4 Nc5 12. Qf3 Nfd7 13. Qg3 Ne5 14. Ba2 Kh8 15.
f4 Ng6 16. Nf3 f5 17. Bxc5 dxc5 18. e5 Qb6 19. Nd2 Bh4 20. Qe3 Bxe1 21. Rxe1 Qb4
22. Bc4 b5 23. axb5 cxb5 24. Nxb5 a4 25. c3 Qa5 26. Nd6 Ra7 27. Nf3 h6 28. Kh2
Re7 29. Rd1 Qb6 30. Qd2 Be6 31. h4 Bxc4 32. Nxc4 Qb3 33. Nd6 Nxf4 34. Ra1 Ng6
35. Re1 Re6 36. c4 Rb8 37. Nxf5 Qxc4 38. Rc1 Qf4+ 39. Qxf4 Nxf4 40. Rxc5 Rxb2
41. Kg3 Nd3 42. Rc8+ Kh7 43. h5 Nxe5 44. N5d4 Re7 45. Nf5 Rf7 46. Nd6 Rf6 47.
Nxe5 Rxd6 48. Nf7 Rd3+ 49. Kh2 g5 50. hxg6+ Kg7 0-1

[Event "32nd ECC Open 2016"]
[Site "Novi Sad SRB"]
[Date "2016.11.12"]
[Round "7.22"]
[Board "6"]
[White "Kovacevic, Vladimir"]
[Black "Pleshkov, Mikhail"]
[Result "1/2-1/2"]
[WhiteElo "2160"]
[BlackElo "1888"]
[WhiteTeam "Club d'Echecs de Geneve"]
[BlackTeam "Perfect"]
[WhiteFideId "906662"]
[BlackFideId "34106917"]
[EventDate "2016.11.06"]

1. d4 Nf6 2. Bg5 d5 3. Bxf6 exf6 4. c3 c6 5. Nd2 Bf5 6. Ngf3 h6 7. g3 Qb6 8. Qb3
Nd7 9. Bg2 Bd6 10. Nh4 Bh7 11. e4 dxe4 12. Bxe4 O-O 13. O-O Qxb3 14. Bxh7+ Kxh7
15. Nxb3 g6 16. Rfe1 Rfe8 17. Kf1 Re6 18. Na5 Rb8 19. Nc4 Bc7 20. a4 Kg7 21. b4
Nb6 22. Nxb6 axb6 23. Red1 Rbe8 24. Ra2 f5 25. Ng2 f4 26. gxf4 Rf6 27. d5 Bxf4
28. Nxf4 Rxf4 29. d6 Rfe4 30. a5 bxa5 31. Rxa5 Rd8 32. b5 Re6 33. bxc6 bxc6 34.
d7 Kf6 35. Ra4 c5 36. Rd5 Ke7 37. Rc4 Rxd7 38. Rdxc5 g5 39. h4 Kf6 40. hxg5+
hxg5 41. Rg4 Rd3 42. c4 Rc3 43. Kg2 Re2 1/2-1/2

[Event "32nd ECC Open 2016"]
[Site "Novi Sad SRB"]
[Date "2016.11.12"]
[Round "7.23"]
[Board "1"]
[White "Hansen, Torbjorn Ringdal"]
[Black "Maslik, Miroslav"]
[Result "0-1"]
[WhiteTitle "GM"]
[BlackTitle "IM"]
[WhiteElo "2448"]
[BlackElo "2337"]
[WhiteTeam "Sjakklubben AV 1911"]
[BlackTeam "SK Modra"]
[WhiteFideId "1501720"]
[BlackFideId "14902192"]
[EventDate "2016.11.06"]

1. e4 e6 2. d4 d5 3. Nd2 Nc6 4. Ngf3 Nf6 5. e5 Nd7 6. Nb3 a5 7. a4 Be7 8. Bb5
Na7 9. Be2 b6 10. Bd2 O-O 11. O-O c5 12. dxc5 Nxc5 13. Nbd4 Bd7 14. b3 Qc7 15.
c4 dxc4 16. Bxc4 Nxa4 17. Bg5 Bb4 18. Bd3 Nc3 19. Bxh7+ Kxh7 20. Qd3+ Kg8 21.
Rac1 Bb5 22. Nxb5 Naxb5 23. Bf6 gxf6 24. Qe3 Kh7 25. Rfe1 Rg8 26. exf6 Rg6 27.
h4 Qc5 28. Ng5+ Rxg5 29. hxg5 Qxe3 30. Rxe3 Kg6 0-1

[Event "32nd ECC Open 2016"]
[Site "Novi Sad SRB"]
[Date "2016.11.12"]
[Round "7.23"]
[Board "2"]
[White "Schwarz, Dusan"]
[Black "Elsness, Frode"]
[Result "1-0"]
[BlackTitle "IM"]
[WhiteElo "2278"]
[BlackElo "2442"]
[WhiteTeam "SK Modra"]
[BlackTeam "Sjakklubben AV 1911"]
[WhiteFideId "14903890"]
[BlackFideId "1501100"]
[EventDate "2016.11.06"]

1. d4 Nf6 2. c4 e6 3. Nc3 Bb4 4. f3 d5 5. a3 Bd6 6. e4 c5 7. cxd5 cxd4 8. Qxd4
exd5 9. Nxd5 Nxd5 10. Qxd5 O-O 11. Be3 Qh4+ 12. Bf2 Qf6 13. Bd4 Qh4+ 14. Bf2 Qf6
15. Bd4 Qh6 16. Rd1 Nc6 17. Bxg7 Qe3+ 18. Ne2 Rd8 19. Rd3 Qxd3 20. Qxd3 Bb4+ 21.
Nc3 Rxd3 22. Bxd3 Kxg7 23. axb4 Nxb4 24. Bc4 Bd7 25. Ke2 Rc8 26. Rd1 Be8 27. b3
a6 28. Nd5 b5 29. Bd3 Nxd5 30. exd5 a5 31. Bf5 Rd8 32. Ke3 a4 33. b4 Bc6 34. d6
Kf6 35. g4 h6 36. f4 h5 37. Rd3 hxg4 38. Bxg4 Ra8 39. Ra3 Re8+ 40. Kd4 Re4+ 41.
Kc5 Rc4+ 42. Kb6 Be8 43. d7 Bxd7 44. Bxd7 Rxb4 45. Bxb5 Rxf4 46. Bxa4 Rh4 47. h3
Ke5 48. Bd7 Rd4 49. Kc7 f5 50. Ra5+ Rd5 51. Rxd5+ Kxd5 52. Kd8 f4 53. Ke7 Ke5
54. Kf7 f3 55. Kg6 1-0

[Event "32nd ECC Open 2016"]
[Site "Novi Sad SRB"]
[Date "2016.11.12"]
[Round "7.23"]
[Board "3"]
[White "Risting, Eivind Olav"]
[Black "Federic, Jozef"]
[Result "1-0"]
[WhiteTitle "FM"]
[BlackTitle "FM"]
[WhiteElo "2175"]
[BlackElo "2290"]
[WhiteTeam "Sjakklubben AV 1911"]
[BlackTeam "SK Modra"]
[WhiteFideId "1517333"]
[BlackFideId "14910659"]
[EventDate "2016.11.06"]

1. e4 c5 2. Nf3 e6 3. d4 cxd4 4. Nxd4 Nf6 5. Nc3 d6 6. g4 h6 7. h4 Nc6 8. Rg1
Nd7 9. Be3 Nde5 10. g5 h5 11. Be2 g6 12. Qd2 Ng4 13. Nxc6 bxc6 14. Bf4 Rb8 15.
Bxg4 hxg4 16. O-O-O Rxh4 17. Bxd6 Bxd6 18. Qxd6 Qxd6 19. Rxd6 Bb7 20. Na4 Rd8
21. Rxd8+ Kxd8 22. Nc5 Kc7 23. e5 Rh2 24. Rxg4 Rxf2 25. Nd3 Rf1+ 26. Kd2 Ba6 27.
c4 Rf5 28. Kc3 Bb7 29. Kd4 Kb6 30. b4 Bc8 31. a3 Ba6 32. a4 Bc8 33. a5+ Kc7 34.
Rf4 Bd7 35. Rg4 Be8 36. Nc5 Rf1 37. Ne4 Rd1+ 38. Kc5 Re1 39. Rf4 Bd7 40. a6 Kd8
41. Nd6 Rxe5+ 42. Kd4 Re1 43. Nxf7+ Ke7 44. Ne5 Be8 45. Rh4 c5+ 46. bxc5 Rd1+
47. Kc3 Rc1+ 48. Kd2 Rg1 49. Rh7+ Kd8 50. Rxa7 Rxg5 51. Rb7 Kc8 52. Re7 Kd8 53.
Rb7 Kc8 54. Re7 Kd8 55. a7 Kxe7 56. a8=Q Rxe5 57. Qb7+ Kf6 58. c6 Rc5 59. c7 Bd7
60. Kc3 Ke7 61. Kd4 Rf5 62. c8=Q 1-0

[Event "32nd ECC Open 2016"]
[Site "Novi Sad SRB"]
[Date "2016.11.12"]
[Round "7.23"]
[Board "4"]
[White "Banas, Kamil"]
[Black "Ranaldi, Lucas"]
[Result "1-0"]
[WhiteElo "2243"]
[BlackElo "2292"]
[WhiteTeam "SK Modra"]
[BlackTeam "Sjakklubben AV 1911"]
[WhiteFideId "14902141"]
[BlackFideId "1519484"]
[EventDate "2016.11.06"]

1. e4 c5 2. Nf3 g6 3. d4 cxd4 4. Nxd4 Nc6 5. c4 Nf6 6. Nc3 Nxd4 7. Qxd4 d6 8. h3
Bg7 9. Be2 O-O 10. Qd3 Be6 11. O-O Rc8 12. Nd5 Nd7 13. Be3 Nc5 14. Qc2 f5 15.
exf5 Bxf5 16. Qd2 Ne4 17. Qb4 b6 18. Rac1 g5 19. Qa3 e6 20. Nb4 Qf6 21. Nd3 Rf7
22. Rfd1 Rfc7 23. Bf3 Rd8 24. b3 Rcd7 25. Bxe4 Bxe4 26. f3 Ba8 27. Nf2 h5 28.
Rc2 Qf5 29. Rcd2 Be5 30. c5 bxc5 31. Bxc5 Qf4 32. Bxa7 Qh2+ 33. Kf1 Bc6 34. Qa6
Bd5 35. Be3 Ra8 36. Qd3 Rg7 37. Bd4 Rf8 38. Bxe5 Qxe5 39. Qe2 Qh2 40. Rxd5 exd5
41. Rxd5 Rg6 42. Qc4 Kg7 43. Ne4 g4 44. Rxh5 gxh3 45. Qc7+ Rf7 46. Rh7+ Kxh7 47.
Qxf7+ Kh6 48. Qf8+ Kh7 49. Qe7+ Kh6 50. Qh4+ Kg7 51. Qxh3 Qxh3 52. gxh3 d5 53.
Nc5 Rg3 54. Kf2 Rxh3 55. Ke3 Kf6 56. Kd4 Rh5 57. Nd3 Rf5 58. f4 Ke6 59. Kc5 Rf8
60. a4 Rc8+ 61. Kb6 Kd6 62. b4 Rc3 63. Nc5 d4 64. a5 Rf3 65. a6 Rxf4 66. a7 Rf8
67. b5 Rh8 68. Na6 Kd5 69. Nb8 Rh6+ 70. Ka5 d3 71. a8=Q+ Kd4 72. Qg2 Re6 73.
Nc6+ Kc3 74. b6 d2 75. Qf3+ 1-0

[Event "32nd ECC Open 2016"]
[Site "Novi Sad SRB"]
[Date "2016.11.12"]
[Round "7.23"]
[Board "5"]
[White "Kjolberg, Jens Hjorth"]
[Black "Mydlarik, Martin"]
[Result "1-0"]
[WhiteElo "2145"]
[BlackElo "2084"]
[WhiteTeam "Sjakklubben AV 1911"]
[BlackTeam "SK Modra"]
[WhiteFideId "1508172"]
[BlackFideId "14904829"]
[EventDate "2016.11.06"]

1. d4 Nf6 2. c4 e6 3. Nc3 Bb4 4. Nf3 c5 5. g3 O-O 6. Bg2 d5 7. dxc5 Na6 8. O-O
Bxc3 9. bxc3 Qa5 10. cxd5 Nxd5 11. c4 Nf6 12. Bb2 Rd8 13. Qc1 Qxc5 14. Bxf6 gxf6
15. Qh6 Qe7 16. Nd2 Nc5 17. Ne4 Nxe4 18. Bxe4 f5 19. Bf3 e5 20. e4 fxe4 21. Bxe4
f5 22. Bd5+ Kh8 23. Rab1 Rd6 24. Qe3 Rb8 25. Qxa7 Qc7 26. Qe3 Rg6 27. Rfe1 e4
28. Qd4+ Rg7 29. Qf6 Qe7 30. Qxe7 Rxe7 31. f3 e3 32. f4 Bd7 33. Rxb7 Rxb7 34.
Bxb7 Ba4 35. Bd5 Kg7 36. Kg2 Be8 37. h3 Ba4 38. Kf3 e2 39. Kf2 Bd1 40. Bf3 Ra7
41. Bxe2 Rxa2 42. Rxd1 1-0

[Event "32nd ECC Open 2016"]
[Site "Novi Sad SRB"]
[Date "2016.11.12"]
[Round "7.23"]
[Board "6"]
[White "Kison, Jan"]
[Black "Berntsen-Oybo, August"]
[Result "0-1"]
[WhiteElo "1668"]
[BlackElo "1974"]
[WhiteTeam "SK Modra"]
[BlackTeam "Sjakklubben AV 1911"]
[WhiteFideId "14949156"]
[BlackFideId "1520555"]
[EventDate "2016.11.06"]

1. e4 c5 2. Nc3 Nc6 3. g3 g6 4. Bg2 Bg7 5. Nf3 e5 6. d3 Nge7 7. Be3 d6 8. O-O
O-O 9. Qd2 Nd4 10. Ne1 Be6 11. f4 Rc8 12. Rf2 Qd7 13. Nf3 Bg4 14. Raf1 Bxf3 15.
Bxf3 Nxf3+ 16. Rxf3 f5 17. Qf2 exf4 18. Bxf4 fxe4 19. Nxe4 Nf5 20. c3 b6 21. g4
d5 22. Ng3 Nh4 23. Re3 Qxg4 24. Re7 g5 25. Qe2 Qxe2 26. Nxe2 gxf4 27. Nxf4 Rxf4
28. Rxf4 Ng6 29. Rxg7+ Kxg7 30. Rf2 Re8 31. Kf1 Rf8 32. Rxf8 Nxf8 33. Kf2 Kf6
34. Kf3 Kf5 35. Ke3 Ne6 36. b4 d4+ 37. Kd2 h5 38. bxc5 bxc5 39. c4 Kg4 40. Ke2
Nf4+ 0-1

[Event "32nd ECC Open 2016"]
[Site "Novi Sad SRB"]
[Date "2016.11.12"]
[Round "7.24"]
[Board "1"]
[White "Adair, James R"]
[Black "Kristensen, Kaare Hove"]
[Result "1/2-1/2"]
[WhiteTitle "IM"]
[BlackTitle "FM"]
[WhiteElo "2488"]
[BlackElo "2374"]
[WhiteTeam "White Rose"]
[BlackTeam "Skakklubben Nordkalotten"]
[WhiteFideId "406252"]
[BlackFideId "1400940"]
[EventDate "2016.11.06"]

1. e4 c5 2. Nf3 Nc6 3. d4 cxd4 4. Nxd4 e5 5. Nb5 a6 6. Nd6+ Bxd6 7. Qxd6 Qf6 8.
Qd1 Qg6 9. Nc3 d5 10. Nxd5 Qxe4+ 11. Be3 Nd4 12. Nc7+ Ke7 13. Be2 Nxc2+ 14. Kf1
Nxe3+ 15. fxe3 Bh3 16. Nd5+ Kf8 17. Bf3 Qc4+ 18. Kg1 e4 19. Nb6 exf3 20. Qd6+
Ne7 21. Nxa8 f6 22. gxh3 Qe2 23. Qg3 Qxe3+ 24. Qf2 Qg5+ 25. Kf1 Qb5+ 26. Ke1 Kf7
27. Qxf3 Qxb2 28. Qb3+ Qxb3 29. axb3 Rxa8 30. Kf2 Rc8 1/2-1/2

[Event "32nd ECC Open 2016"]
[Site "Novi Sad SRB"]
[Date "2016.11.12"]
[Round "7.24"]
[Board "2"]
[White "Sylvan, Jacob"]
[Black "Brown, Martin"]
[Result "1-0"]
[WhiteTitle "FM"]
[BlackTitle "FM"]
[WhiteElo "2376"]
[BlackElo "2302"]
[WhiteTeam "Skakklubben Nordkalotten"]
[BlackTeam "White Rose"]
[WhiteFideId "1402137"]
[BlackFideId "401480"]
[EventDate "2016.11.06"]

1. e4 e6 2. d4 d5 3. Nc3 Nf6 4. e5 Nfd7 5. f4 c5 6. Nf3 Nc6 7. Be3 Be7 8. Qd2
O-O 9. Be2 b6 10. Nd1 cxd4 11. Nxd4 Nxd4 12. Bxd4 Nb8 13. c3 Ba6 14. Bxa6 Nxa6
15. O-O Nc5 16. f5 exf5 17. Rxf5 Qd7 18. Ne3 Rad8 19. Raf1 Ne6 20. Ng4 Bc5 21.
h3 Bxd4+ 22. cxd4 Qa4 23. b4 a5 24. Rh5 Qxb4 25. Nf6+ gxf6 26. Qh6 Qxd4+ 27. Kh1
Qe4 28. Rf3 Ng5 29. Rg3 Qg6 30. exf6 Qxh6 31. Rxh6 Rfe8 32. Rxg5+ Kf8 33. Rxh7
Re1+ 34. Kh2 Ke8 35. Rh8+ Kd7 36. Rxd5+ 1-0

[Event "32nd ECC Open 2016"]
[Site "Novi Sad SRB"]
[Date "2016.11.12"]
[Round "7.24"]
[Board "3"]
[White "Townsend, M Paul"]
[Black "Pedersen, Daniel Vesterbaek"]
[Result "0-1"]
[BlackTitle "FM"]
[WhiteElo "2231"]
[BlackElo "2234"]
[WhiteTeam "White Rose"]
[BlackTeam "Skakklubben Nordkalotten"]
[WhiteFideId "402320"]
[BlackFideId "1402161"]
[EventDate "2016.11.06"]

1. d4 Nf6 2. c4 e6 3. g3 d5 4. Nf3 Bb4+ 5. Bd2 Bd6 6. Nc3 Nc6 7. Bg2 dxc4 8. Qa4
O-O 9. Qxc4 a6 10. Rd1 Qe7 11. O-O b5 12. Qd3 Bb7 13. e4 e5 14. d5 Nb8 15. Nh4
b4 16. Nf5 Qd8 17. Nb1 a5 18. Qf3 Ba6 19. Rfe1 Nbd7 20. Bg5 Re8 21. Bh3 Bb5 22.
Nd2 Ra6 23. Nf1 Bf8 24. d6 Bxd6 25. N1e3 Qa8 26. Nh6+ gxh6 27. Bxf6 Nxf6 28.
Qxf6 Bf8 29. Qh4 Be7 30. Qh5 Qxe4 31. Bf5 Qa8 32. Nd5 Qb8 33. Rxe5 Bg5 34. Rde1
Rd6 35. Bxh7+ Kg7 36. Rxe8 Bxe8 37. Be4 f5 38. Qf3 fxe4 39. Qxe4 Bf7 40. Nf4 Qd8
41. Qe5+ Qf6 0-1

[Event "32nd ECC Open 2016"]
[Site "Novi Sad SRB"]
[Date "2016.11.12"]
[Round "7.24"]
[Board "4"]
[White "Hove, Esben Kjems"]
[Black "Barrett, Stephen J"]
[Result "1-0"]
[WhiteTitle "FM"]
[WhiteElo "2279"]
[BlackElo "2181"]
[WhiteTeam "Skakklubben Nordkalotten"]
[BlackTeam "White Rose"]
[WhiteFideId "1401505"]
[BlackFideId "408727"]
[EventDate "2016.11.06"]

1. d4 Nf6 2. Bg5 e6 3. Nd2 c5 4. e3 d5 5. c3 Nc6 6. Bd3 e5 7. dxe5 Nxe5 8. Bb5+
Bd7 9. Bxd7+ Qxd7 10. Bxf6 gxf6 11. Ndf3 O-O-O 12. Ne2 Rg8 13. Ng3 h5 14. Nxe5
fxe5 15. Qxh5 d4 16. O-O dxe3 17. fxe3 Qd2 18. Rae1 Rd7 19. Re2 Qd5 20. Qf5 Rg6
21. Ne4 Qe6 22. Qxe6 Rxe6 23. c4 b6 24. g4 Kc7 25. Nf6 Rd3 26. Nd5+ Kb8 27. Rxf7
Bd6 28. g5 e4 29. Rf6 Rxf6 30. Nxf6 Be5 31. Nxe4 1-0

[Event "32nd ECC Open 2016"]
[Site "Novi Sad SRB"]
[Date "2016.11.12"]
[Round "7.24"]
[Board "5"]
[White "O'driscoll, Kieran"]
[Black "Ejsing, Esben"]
[Result "1-0"]
[WhiteElo "2109"]
[BlackElo "2205"]
[WhiteTeam "White Rose"]
[BlackTeam "Skakklubben Nordkalotten"]
[WhiteFideId "2501899"]
[BlackFideId "1418572"]
[EventDate "2016.11.06"]

1. d4 Nf6 2. c4 c5 3. d5 e6 4. Nc3 exd5 5. cxd5 d6 6. e4 g6 7. Bd3 Bg7 8. Nge2
O-O 9. O-O Bd7 10. Ng3 Na6 11. h3 Qc7 12. a4 Nb4 13. Bb1 a6 14. f4 Rae8 15. Be3
Bc8 16. e5 dxe5 17. fxe5 Qxe5 18. Bxc5 Nbxd5 19. Bxf8 Bxf8 20. Nxd5 Nxd5 21. Qf3
Be6 22. Ba2 Bd6 23. Ne4 Qd4+ 24. Rf2 Be7 25. Rd1 Qe5 26. Bxd5 Bxd5 27. Rxd5 1-0